D'un antonyme à l'autre Chaîne #2 - Statistiques

Statistiques générales
  • Ce quiz a été pris 90 fois
  • Le résultat moyen est 18 sur 22
Statistiques - réponses
Question Réponse % Correct
Fleur de l'amour Rose
91%
Ces gamins _ _ _ _ _ _ de devenir footballeurs Rêvent
90%
Grâce a cette balance je me... Pèse
89%
Notre planète ou l'un dès 4 éléments naturels Terre
89%
Synonyme du gobelet Verre
89%
Capitale de la Suisse Berne
88%
Fade, Morne Terne
88%
Piéger (+1) Berner
86%
Mettre et objet sur cette commode Pose
86%
Synonyme "Imaginant" Rêvant
83%
Iran autrefois (+1) Perse
80%
Fin fond du classement pour lui Dernier
79%
Mais aussi pour elle (+1) Dernière
78%
Coupe, Tondre Rase
78%
Faire passer l'eau du fut jusqu'à notre récipient Verse
78%
Cela se passe dans notre dos Derrière
77%
Professeur Chou_ _ _ _ dans Harry Potter Rave
75%
Bord d'un lac (-1) Rive
74%
Actrice de Gazon maudit prénommée Michelle (+1) Bernier
73%
Les yeux regardent en face Devant
73%
Est placé de façon à couvrir, protéger (-1) Revêt
64%
Élément d'assemblage ou de fixation Rivet
64%
Aucun quiz correspondant
Distribution des résultats
% des personnes avec chaque résultat
Percentile par nombre de réponses
Votre historique - résultats
Vous n’avez pas pris ce quiz